000 00841nam a2200289Ia 4500
001 Para_1821
003 CHAP
008 220125s1990 xx 000 0 und d
010 _a200434
040 _cCHAP
082 _aPA 635.8 B7
100 _aBresinsky, Andreas
_9165306
245 _aA colour atlas of poisonous fungi :
_b a handbook for pharmacists, doctors, and biologists /
_c by Andreas Bresinsky and Helmut Besl
260 _aLondon :
_b Walfe
300 _a295 p.
650 _aHongos
_x nomenglatura
_9165307
650 _aHongos venenosos
_956138
700 _aBesl, Helmut
_9165308
700 _aBisset, Norman G.
_9165309
901 _aPA 635.8 B7
902 _aA
905 _a0000001990 a 0000000000 00
910 _a1990
942 _cPARA
942 _cPARA
_d1
999 _c200434
_d200434